[Event "British Chess Championships 2023: Junior Blitz Open"]
[Site "The Venue, De Montfort University, 20 Western Boulevard, Leicester, LE2 7BU"]
[Date "2023.07.27"]
[Round "2"]
[Board "19"]
[White "Parikh, Naavya"]
[Black "Sasikumar, Srivathsan"]
[Result "1-0"]
[WhiteElo "1374"]
[BlackElo "1787"]
[PlyCount "0"]
[EventDate "2023.07.27"]
[EventRounds "9"]
[EventCountry "ENG"]

1. e4 c5 2. Nc3 Nc6 3. Bb5 g6 4. Bxc6 bxc6 5. d3 Bg7 6. f4 d5 7. Nf3 e6 8. O-O Ne7
9. Qe1 O-O 10. Bd2 Bb7 11. Qg3 Qb6 12. Na4 Qb5 13. Nc3 Qxb2 14. Rab1 Qa3 15. Rxb7
Bxc3 16. Bxc3 Qxc3 17. Rxe7 Qxc2 18. exd5 cxd5 19. Ne5 Qxa2 20. f5 exf5 21. Rxf5
Qa1+ 22. Rf1 Qd4+ 23. Kh1 a5 24. Qf3 f5 25. Nc6 Qf6 26. Qxd5+ Kh8 27. Re6 Qf7 28.
Rfe1 h6 29. Qxc5 a4 30. Qe5+ Kh7 31. Re7 a3 32. Rxf7+ Rxf7 33. Ra1 a2 34. Nb4 Rb7
35. Qc3 Rab8 36. Nxa2 Rb1+ 37. Rxb1 Rxb1+ 38. Nc1 f4 39. Kg1 g5 40. Kf2 Kg6 41. d4
Kf6 42. d5+ Ke7 43. Qa3+ Kd7 44. Nd3 Rb7 45. Nc5+ Kc7 46. Nxb7 Kxb7 47. Qd6 Kc8 48.
Qe7 Kc7 49. d6+ Kc6 50. d7 Kb5 51. d8=Q Ka4 52. Qb7 Ka3 53. Qda8#  1-0

[Event "British Chess Championships 2023: Junior Blitz Open"]
[Site "The Venue, De Montfort University, 20 Western Boulevard, Leicester, LE2 7BU"]
[Date "2023.07.27"]
[Round "2"]
[Board "20"]
[White "Leung, Hao Ran"]
[Black "Mittal, Aditya"]
[Result "1/2-1/2"]
[WhiteElo "1432"]
[BlackElo "1737"]
[PlyCount "0"]
[EventDate "2023.07.27"]
[EventRounds "9"]
[EventCountry "ENG"]

1. Nf3 Nf6 2. g3 d5 3. Bg2 c5 4. d3 Nc6 5. Nbd2 g6 6. O-O Bg7 7. c3 O-O 8. e4 e6
9. Qc2 b6 10. Re1 Bb7 11. e5 Nd7 12. d4 cxd4 13. cxd4 Rc8 14. Qb3 Na5 15. Qe3 Nc4
16. Nxc4 Rxc4 17. b3 Rc7 18. Ba3 Re8 19. Bd6 Rc2 20. Rec1 Rxc1+ 21. Rxc1 Bf8 22.
Rc7 Bxd6 23. exd6 Bc8 24. Ne5 Nxe5 25. dxe5 Rf8 26. Rxa7 f6 27. f4 Rf7 28. Ra8 Kg7
29. Qc3 Rf8 30. exf6+ Kh6 31. Qc7 Qxf6 32. Rxc8 Qd4+ 33. Kf1 Qd1+ 34. Kf2 Qd2+ 35.
Kf1 Qd1+  1/2-1/2

[Event "British Chess Championships 2023: Junior Blitz Open"]
[Site "The Venue, De Montfort University, 20 Western Boulevard, Leicester, LE2 7BU"]
[Date "2023.07.27"]
[Round "2"]
[Board "21"]
[White "Burnton, Joshua"]
[Black "Bates, Hubert"]
[Result "0-1"]
[WhiteElo "1733"]
[BlackElo "1424"]
[PlyCount "0"]
[EventDate "2023.07.27"]
[EventRounds "9"]
[EventCountry "ENG"]

1. e4 c5 2. Nc3 d6 3. f4 Nc6 4. Bb5 a6 5. Bxc6+ bxc6 6. Nf3 Nf6 7. O-O e6 8. d3 Be7
9. Qe1 O-O 10. Bd2 Rb8 11. b3 d5 12. e5 Nd7 13. Qg3 Re8 14. Rae1 h6 15. f5 Kh7 16.
Qh3 exf5 17. Qxf5+ Kg8 18. Qg4 Nxe5 19. Qg3 Nxf3+ 20. Qxf3 Be6 21. Qg3 Kh8 22. Bf4
Rc8 23. Be5 f6 24. Bf4 Bf7 25. Qh3 Bf8 26. Rxe8 Qxe8 27. Na4 Qd8 28. Rf3 Kh7 29.
Rg3 Bg6 30. Qg4 Qe8 31. Re3 Qd8 32. Nc3 d4 33. Ne4 dxe3 34. Bxe3 Bxe4 35. Qxe4+ Kh8
36. Kf2 Qd5 37. Qg6 Bd6 38. Kg1 Qe6 39. Kf2 Re8 40. Qe4 Qxe4 41. dxe4 Rxe4 42. Kf3
Re6 43. g3 Kg8 44. Bf2 Kf7 45. c4 Be7 46. Kf4 g5+ 47. Kf3 h5 48. h3 f5 49. h4 g4+
50. Kg2 Re2 51. Kf1 Rxa2 52. Be3 Ra3  0-1

[Event "British Chess Championships 2023: Junior Blitz Open"]
[Site "The Venue, De Montfort University, 20 Western Boulevard, Leicester, LE2 7BU"]
[Date "2023.07.27"]
[Round "2"]
[Board "22"]
[White "Gadiot, Ashton"]
[Black "Calvert, George"]
[Result "1-0"]
[WhiteElo "1227"]
[BlackElo "1536"]
[PlyCount "0"]
[EventDate "2023.07.27"]
[EventRounds "9"]
[EventCountry "ENG"]

1. e4 c5 2. Nc3 Nc6 3. Nge2 Nf6 4. g3 e5 5. Bg2 Be7 6. d3 O-O 7. O-O d6 8. f4 Bg4
9. Nd5 Nxd5 10. exd5 Nd4 11. Rf2 Qb6 12. fxe5 dxe5 13. Qf1 c4 14. Nxd4 Qxd4 15. dxc4
Bc5 16. b4 Qxa1 17. bxc5 Rac8 18. Be3 Qxf1+ 19. Rxf1 f5 20. d6 Be2 21. Bd5+ Kh8 22.
Re1 Bh5 23. Bxb7 Rb8 24. c6 Be8 25. Bxa7 Bxc6 26. Bxc6 Rbd8 27. c5 Rf7 28. Rxe5 Rxa7
29. d7 Raxd7 30. Bxd7 h6 31. Re8+ Rxe8 32. Bxe8 Kg8 33. c6 Kf8 34. c7 Kxe8 35. c8=Q+
Kf7 36. c4 Kg6 37. c5 Kh5 38. c6 g5 39. c7 f4 40. Qe8+ Kg4 41. c8=Q+ Kf3 42. Qc3+
 1-0

[Event "British Chess Championships 2023: Junior Blitz Open"]
[Site "The Venue, De Montfort University, 20 Western Boulevard, Leicester, LE2 7BU"]
[Date "2023.07.27"]
[Round "2"]
[Board "23"]
[White "Xu, Jiarui"]
[Black "Buckland, Louis"]
[Result "0-1"]
[WhiteElo "1400"]
[BlackElo "1651"]
[PlyCount "0"]
[EventDate "2023.07.27"]
[EventRounds "9"]
[EventCountry "ENG"]

1. e4 c6 2. d4 d5 3. exd5 cxd5 4. c3 Nf6 5. Nf3 Nc6 6. Bd3 Bg4 7. h3 Bxf3 8. Qxf3
e6 9. O-O Bd6 10. Bf4 O-O 11. Bxd6 Qxd6 12. Nd2 a6 13. Rfe1 b5 14. a3 Na5 15. Re2
h6 16. Rae1 Nc4 17. Nxc4 bxc4 18. Bb1 a5 19. Qe3 a4 20. Qc1 Rab8 21. g3 Rb6 22. Kg2
Rfb8 23. Qd1 Qd7 24. Qc1 Qb7 25. b4 axb3 26. Qb2 Ra6 27. f4 Rba8 28. f5 Rxa3 29.
fxe6 fxe6 30. Rxe6 Ra2 31. Bxa2 Rxa2 32. Qxa2 bxa2 33. R6e2 Qb1 34. Kf2 a1=Q 35.
g4 Ne4+ 36. Kf1 Ng3+ 37. Kf2 Nxe2 38. Rxe2 Qbb2 39. Rxb2 Qxb2+ 40. Kf3 Qxc3+ 41.
Kf4 Qxd4+ 42. Kg3 c3 43. Kh4 Qe3  0-1

[Event "British Chess Championships 2023: Junior Blitz Open"]
[Site "The Venue, De Montfort University, 20 Western Boulevard, Leicester, LE2 7BU"]
[Date "2023.07.27"]
[Round "2"]
[Board "24"]
[White "Freeman, Luke"]
[Black "Sewart, Daniel"]
[Result "1-0"]
[WhiteElo "1639"]
[BlackElo "1374"]
[PlyCount "0"]
[EventDate "2023.07.27"]
[EventRounds "9"]
[EventCountry "ENG"]

1. e4 c5 2. c3 Nc6 3. d4 cxd4 4. cxd4 e5 5. d5 Nce7 6. Nc3 Ng6 7. Nf3 d6 8. Be2 f5
9. Bg5 Be7 10. Bxe7 N8xe7 11. O-O O-O 12. Rc1 Bd7 13. Re1 Rc8 14. Bb5 Bxb5 15. Nxb5
Rxc1 16. Qxc1 Qd7 17. Nc3 Rc8 18. Ng5 Nf4 19. Qe3 b6 20. g3 Nfg6 21. Ne6 Nf8 22.
exf5 Nxf5 23. Nxf8 Rxf8 24. Qe4 Nd4 25. Kg2 Qf7 26. Nd1 Qf3+ 27. Qxf3 Rxf3 28. Ne3
Rf7 29. Rc1 g6 30. Nc4 Rd7 31. Ne3 Kf7 32. Rd1 Nf5 33. Nc2 a5 34. g4 Ne7 35. h3 Rc7
36. Ne3 h6 37. Kg3 Kf6 38. Rf1 g5 39. h4 Ng6 40. hxg5+ hxg5 41. Nf5 Rd7 42. Rc1 Nf4
43. Rd1 b5 44. Kf3 Rd8 45. Ke4 a4 46. Rc1 Nh3 47. f3 Nf2+ 48. Ke3 Nh3 49. Rc6 Nf4
50. Ke4 Kf7 51. Nxd6+ Ke7 52. Nf5+ Kf7 53. Kxe5 Rxd5+ 54. Ke4 Rd8 55. Rd6 Re8+ 56.
Kd4 Ne6+ 57. Kd5 Nf4+ 58. Kc6 Re2 59. Rd7+ Ke8 60. Nd6+ Kf8 61. Rf7+ Kg8 62. Kxb5
Rxb2+ 63. Kxa4 Rxa2+ 64. Kb3 Rf2 65. Rf5 Rxf3+ 66. Kc4 Rg3 67. Rxg5+ Kh7 68. Rf5
Ne6 69. Rh5+ Kg6 70. Ne4 Rxg4 71. Re5  1-0

[Event "British Chess Championships 2023: Junior Blitz Open"]
[Site "The Venue, De Montfort University, 20 Western Boulevard, Leicester, LE2 7BU"]
[Date "2023.07.27"]
[Round "2"]
[Board "25"]
[White "Pai, Aditya"]
[Black "Aleksandrov, Igor"]
[Result "0-1"]
[WhiteElo "1338"]
[BlackElo "1637"]
[PlyCount "0"]
[EventDate "2023.07.27"]
[EventRounds "9"]
[EventCountry "ENG"]

1. d4 d5 2. c4 c6 3. Nf3 Nf6 4. Nc3 e6 5. Bg5 Nbd7 6. e3 Qa5 7. Qb3 Ne4 8. Rc1 dxc4
9. Bxc4 Nxg5 10. Nxg5 Qxg5 11. O-O Be7 12. Ne4 Qg6 13. Bd3 Qh6 14. f4 O-O 15. Rf3
f5 16. Rh3 Qg6 17. Rg3 Qf7 18. Ng5 Bxg5 19. Rxg5 Nb6 20. Rf1 Nd5 21. Be2 Qf6 22.
Rf3 Rf7 23. Bc4 Rb8 24. Bxd5 exd5 25. Qb4 Qe7 26. Qa4 a6 27. Qb3 Qe4 28. Qd1 Be6
29. a3 b6 30. Qe2 b5 31. Rfg3 Bd7 32. Qh5 Qb1+ 33. Kf2 Qxb2+ 34. Qe2 Qxe2+ 35. Kxe2
a5 36. h4 b4 37. axb4 axb4 38. h5 b3 39. h6 g6 40. Kd3  0-1

[Event "British Chess Championships 2023: Junior Blitz Open"]
[Site "The Venue, De Montfort University, 20 Western Boulevard, Leicester, LE2 7BU"]
[Date "2023.07.27"]
[Round "3"]
[Board "1"]
[White "Catabay, Mae C"]
[Black "Badacsonyi, Stanley"]
[Result "0-1"]
[WhiteElo "1494"]
[BlackElo "2231"]
[PlyCount "0"]
[EventDate "2023.07.27"]
[EventRounds "9"]
[EventCountry "ENG"]

1. e4 e6 2. d4 d5 3. exd5 exd5 4. c4 Nf6 5. Nf3 Bb4+ 6. Bd2 Bxd2+ 7. Nbxd2 O-O 8.
Be2 dxc4 9. Nxc4 Nc6 10. O-O Bg4 11. Nce5 Bxf3 12. Nxf3 Re8 13. Re1 Qd5 14. b3 Rad8
15. Bc4 Qh5 16. Rxe8+ Rxe8 17. Qd2 h6 18. Re1 Rd8 19. Qc3 Nd5 20. Qd2 Qg4 21. h3
Qf4 22. Qxf4 Nxf4 23. Rd1 a6 24. Kf1 b5 25. Bd3 Kf8 26. Be4 Nb4 27. a3 Nbd5 28. Ne5
Nc3 29. Nc6 Re8 30. Re1 Rxe4 31. Rxe4 Nxe4 32. f3 Nd2+  0-1

[Event "British Chess Championships 2023: Junior Blitz Open"]
[Site "The Venue, De Montfort University, 20 Western Boulevard, Leicester, LE2 7BU"]
[Date "2023.07.27"]
[Round "3"]
[Board "2"]
[White "Mathur, Pranav"]
[Black "Li, Xiaofan"]
[Result "1-0"]
[WhiteElo "2026"]
[BlackElo "1673"]
[PlyCount "0"]
[EventDate "2023.07.27"]
[EventRounds "9"]
[EventCountry "ENG"]

1. d4 Nf6 2. Nf3 e6 3. Bf4 c5 4. e3 d5 5. c3 Nc6 6. Bd3 cxd4 7. exd4 Bd6 8. Bg3 Nh5
9. Bxd6 Qxd6 10. O-O Nf4 11. Bc2 O-O 12. Nbd2 b6 13. Re1 Re8 14. Ne5 Ng6 15. Ndf3
Bb7 16. Qd2 Ngxe5 17. Nxe5 Nxe5 18. Rxe5 f6 19. Rh5 g6 20. Rh3 e5 21. Qh6 Qf8 22.
Qxh7#  1-0

[Event "British Chess Championships 2023: Junior Blitz Open"]
[Site "The Venue, De Montfort University, 20 Western Boulevard, Leicester, LE2 7BU"]
[Date "2023.07.27"]
[Round "3"]
[Board "3"]
[White "Yu, Rock"]
[Black "Kothari, Jai"]
[Result "1/2-1/2"]
[WhiteElo "1637"]
[BlackElo "1951"]
[PlyCount "0"]
[EventDate "2023.07.27"]
[EventRounds "9"]
[EventCountry "ENG"]

1. c4 e5 2. Nc3 d6 3. g3 g6 4. Bg2 Bg7 5. e4 Be6 6. d3 Ne7 7. Nge2 O-O 8. O-O f5
9. h3 Nbc6 10. f4 Qd7 11. Kh2 h6 12. Be3 Kh7 13. Rc1 Rab8 14. b3 Nd4 15. Qd2 c5 16.
Nd5 Nec6 17. Bxd4 Nxd4 18. Nxd4 exd4 19. Rce1 Rbe8 20. exf5 Bxf5 21. Rxe8 Rxe8 22.
Re1 h5 23. a3 Rxe1 24. Qxe1 Bxd3 25. Be4 Bxe4 26. Qxe4 Qf7 27. Kg2 a6 28. Kf3 b5
29. g4 hxg4+ 30. hxg4 bxc4 31. bxc4 a5 32. Qb1 Qe6 33. Qe4 Qxe4+ 34. Kxe4 Kg8 35.
a4 Kf7 36. f5 gxf5+ 37. gxf5 Be5 38. Kd3 Kg7 39. Ke4 Kh6 40. Ne7 Kg5 41. Nc6 Bf6
42. Nxa5 d3 43. Kxd3 Kxf5 44. Nb3 Ke5 45. Nd2 Bd8 46. Ne4 Bb6 47. Nc3 Bd8 48. Nd5
 1/2-1/2

[Event "British Chess Championships 2023: Junior Blitz Open"]
[Site "The Venue, De Montfort University, 20 Western Boulevard, Leicester, LE2 7BU"]
[Date "2023.07.27"]
[Round "3"]
[Board "4"]
[White "Pert, Max P"]
[Black "Cancedda-Dupuis, Livio"]
[Result "0-1"]
[WhiteElo "1614"]
[BlackElo "1862"]
[PlyCount "0"]
[EventDate "2023.07.27"]
[EventRounds "9"]
[EventCountry "ENG"]

1. d4 Nf6 2. Bg5 d5 3. e3 e6 4. Nf3 c5 5. c3 Nc6 6. Bd3 cxd4 7. exd4 h6 8. Bf4 Bd6
9. Bxd6 Qxd6 10. O-O Ne4 11. Re1 f5 12. c4 O-O 13. cxd5 exd5 14. Nc3 Be6 15. Qb3
b6 16. Rac1 Rac8 17. Nb5 Qb4 18. Qxb4 Nxb4 19. Bb1 a6 20. Nc7 Bd7 21. a3 Nc6 22.
Nxd5 Rb8 23. Bxe4 fxe4 24. Rxe4 Bf5 25. Re3 Rfd8 26. Rxc6 Rxd5 27. Re5 Rxe5 28. Nxe5
Rd8 29. Rxb6 Rxd4 30. f3 Rd2 31. Nc4 Re2 32. b4 Bd3 33. Nd6 Ra2 34. Rb8+ Kh7 35.
Nf7 Rxa3 36. Kf2 Bb5 37. Nd6 Bd3 38. Nf7 Bb5 39. g4 Rb3 40. f4 Rxb4 41. f5 g6 42.
Kg3 Rb3+ 43. Kf4 Kg7 44. Nd6 Kf6 45. Ne4+ Kg7 46. f6+ Kf7 47. Rb7+ Kf8 48. Ke5 Re3
49. Kf4 Rxe4+ 50. Kxe4 Bc6+ 51. Kd4 Bxb7 52. h4 Kf7 53. g5 hxg5 54. hxg5 Bg2 55.
Kc5 Bf1 56. Kd6 a5 57. Kc5 a4 58. Kb4 Bb5 59. Ka3 Be8 60. Kb4 Ke6 61. Ka3 Kf5 62.
f7 Bxf7 63. Kxa4 Kxg5 64. Kb3 Kf4+  0-1

[Event "British Chess Championships 2023: Junior Blitz Open"]
[Site "The Venue, De Montfort University, 20 Western Boulevard, Leicester, LE2 7BU"]
[Date "2023.07.27"]
[Round "3"]
[Board "5"]
[White "Kairat, Alexander"]
[Black "Zhu, Pengxiao"]
[Result "0-1"]
[WhiteElo "1486"]
[BlackElo "1759"]
[PlyCount "0"]
[EventDate "2023.07.27"]
[EventRounds "9"]
[EventCountry "ENG"]

1. e4 e5 2. Nf3 Nc6 3. Nc3 Nf6 4. d3 h6 5. Be2 d6 6. Be3 g5 7. h3 Ne7 8. Qd2 Ng6
9. O-O-O Be6 10. Kb1 a6 11. a4 Bg7 12. g4 d5 13. exd5 Nxd5 14. Ne4 Ndf4 15. Bxf4
Nxf4 16. Rdg1 Qd5 17. Nc3 Qd7 18. h4 gxh4 19. Rxh4 O-O-O 20. Rhh1 Nd5 21. Nxd5 Qxd5
22. b3 e4 23. Ne1 Qe5 24. c3 Bxb3 25. d4 Qa5 26. Ng2 Bxa4 27. Ne3 Bxd4 28. Rc1 Qb6+
29. Ka1 Bg7 30. Qa2 Bb3 31. Qb2 Rd6 32. Nf5 Qa5+ 33. Kb1 Rb6 34. Nxg7 Ba2+ 35. Ka1
Rxb2 36. Kxb2 Bd5 37. Ra1 Qb6+ 38. Kc2 Qxf2 39. Kd2 e3+ 40. Kd3 Bxh1 41. Rxh1 Rd8+
42. Ke4 Qxe2 43. Rxh6 Qd3+ 44. Kf4 e2 45. Rf6 e1=Q 46. Kg5 Qee3+ 47. Kh4 Rh8+ 48.
Nh5 Qd8 49. g5 Rxh5+ 50. Kg4 Qh3+ 51. Kf4 Rh4+ 52. Ke5 Qe3+ 53. Kf5 Qe4#  0-1

[Event "British Chess Championships 2023: Junior Blitz Open"]
[Site "The Venue, De Montfort University, 20 Western Boulevard, Leicester, LE2 7BU"]
[Date "2023.07.27"]
[Round "3"]
[Board "6"]
[White "Ding, Yiwen"]
[Black "Dayal, Samar"]
[Result "0-1"]
[WhiteElo "1664"]
[BlackElo "1400"]
[PlyCount "0"]
[EventDate "2023.07.27"]
[EventRounds "9"]
[EventCountry "ENG"]

1. d4 Nf6 2. c4 g6 3. Nc3 Bg7 4. e4 d6 5. f3 O-O 6. Be3 Nbd7 7. Nge2 c5 8. d5 Ne5
9. b3 e6 10. Rc1 a6 11. h3 exd5 12. Nxd5 Nxd5 13. exd5 Re8 14. Qd2 Qe7 15. Kf2 Qh4+
16. g3 Qf6 17. f4 b5 18. Kg2 Nd7 19. Ng1 b4 20. Nf3 Nb6 21. Bf2 Bf5 22. Bd3 Be4 23.
Bxe4 Rxe4 24. Rhe1 Rae8 25. Rxe4 Rxe4 26. Re1 Qe7 27. Rxe4 Qxe4 28. Qe3 Qc2 29. Qe8+
Bf8 30. Ng5 Qf5 31. Qe4 Qxe4+ 32. Nxe4 f5 33. Ng5 h6 34. Ne6 Kf7 35. g4 a5 36. gxf5
gxf5 37. Bh4 Be7 38. Bxe7 Kxe7 39. Kg3 a4 40. Kh4 axb3 41. axb3 Kf6 42. Kh5 Nc8 43.
Kxh6 Ne7 44. Nc7 Ng6 45. Ne8+ Kf7 46. Nxd6+ Kf6 47. Nb7 Nxf4 48. Nxc5 Nxh3 49. Nd3
f4 50. Nxf4 Nxf4 51. Kh7 Nd3 52. Kg8 Ke7 53. Kg7 Nc5 54. Kg6 Nxb3 55. Kf5 Kd6 56.
Ke4 Nc5+ 57. Ke3 Ke5 58. Kd2 Kd4 59. d6 Kxc4 60. Kc2 b3+ 61. Kb2 Kd5 62. Kc3 Kxd6
63. Kb2 Kc6 64. Kc3 Kb5 65. Kb2 Kb4 66. Kc1 Kc3 67. Kb1 b2 68. Ka2 Kc2 69. Ka3 Nd3
70. Ka4 b1=Q 71. Ka5 Qb4+ 72. Ka6 Nc5+ 73. Ka7 Qb7#  0-1

[Event "British Chess Championships 2023: Junior Blitz Open"]
[Site "The Venue, De Montfort University, 20 Western Boulevard, Leicester, LE2 7BU"]
[Date "2023.07.27"]
[Round "3"]
[Board "7"]
[White "Banerjee, Supratit"]
[Black "Schweitzer, Zubin"]
[Result "1-0"]
[WhiteElo "1918"]
[BlackElo "1495"]
[PlyCount "0"]
[EventDate "2023.07.27"]
[EventRounds "9"]
[EventCountry "ENG"]

1. e4 c6 2. d4 d5 3. Nd2 dxe4 4. Nxe4 Nf6 5. Nxf6+ exf6 6. c3 Bd6 7. Bd3 O-O 8. Ne2
Nd7 9. O-O Re8 10. Be3 Nf8 11. Ng3 Ng6 12. Qd2 Qc7 13. Rfe1 b6 14. Rad1 Bb7 15. c4
Rad8 16. a3 a5 17. b4 axb4 18. axb4 Nf4 19. c5 bxc5 20. bxc5 Be5 21. dxe5 Nxd3 22.
exf6 Nxe1 23. Qxe1 Rxd1 24. Qxd1 Rd8 25. Qc2 g6 26. h3 Ba6 27. Qa4 Bb5 28. Qh4 h5
29. Qg5 Kf8 30. Qh6+ Ke8 31. Qg7 Bc4 32. Qh6 Qe5 33. Qg7 Rd1+ 34. Kh2 h4 35. Qh8+
Kd7 36. Qxh4 Be6 37. Qb4 Ra1 38. Bd4 Qf4 39. Qb7+  1-0

[Event "British Chess Championships 2023: Junior Blitz Open"]
[Site "The Venue, De Montfort University, 20 Western Boulevard, Leicester, LE2 7BU"]
[Date "2023.07.27"]
[Round "3"]
[Board "8"]
[White "Roul, Tushar"]
[Black "Han, Yichen"]
[Result "0-1"]
[WhiteElo "1660"]
[BlackElo "2355"]
[PlyCount "0"]
[EventDate "2023.07.27"]
[EventRounds "9"]
[EventCountry "ENG"]

1. e4 e5 2. Nf3 Nc6 3. Bb5 a6 4. Ba4 Nf6 5. d3 b5 6. Bb3 Be7 7. c3 O-O 8. O-O d5
9. exd5 Nxd5 10. h3 Be6 11. Re1 Bf6 12. Nbd2 Nf4 13. Bxe6 fxe6 14. Qb3 Qxd3 15. Ne4
Qd5 16. Bxf4 exf4 17. Nxf6+ Rxf6 18. Qxd5 exd5 19. Rad1 Rd8 20. Nd4 Nxd4 21. Rxd4
c5 22. Rd3 Rfd6 23. Red1 Kf7 24. h4 h6 25. a4 Kf6 26. Kf1 Kf5 27. f3 g5 28. hxg5
hxg5 29. Kf2 d4 30. cxd4 cxd4 31. axb5 axb5 32. Rb3 Rd5 33. Rdd3 Rc8 34. Rd2 Rc4
35. Ra3 Rdc5 36. Rb3 Ke5 37. Re2+ Kd5 38. Rd2 Rc2 39. Ke1 Rxd2 40. Kxd2 Kc4 41. Ra3
Re5 42. Ra7 Kb3 43. Rd7 Kxb2 44. Rxd4 Ka3 45. Re4 Rd5+ 46. Kc3 Rc5 47. Kd4 Rc4+ 48.
Kd5 Rc2 49. Rd4 b4 50. Re4 b3 51. Re7 Rxg2 52. Ra7+ Kb2 53. Ke4 Kc1 54. Ra1+ Kc2
55. Ra8 b2 56. Rc8+ Kb1 57. Kf5 Rg3 58. Rc6 Rxf3 59. Kxg5 Rf1 60. Kg4 Rf2 61. Kg5
Rc2 62. Rb6 Kc1 63. Kxf4 b1=Q 64. Rxb1+ Kxb1 65. Ke4 Kb2 66. Kd4 Kb3 67. Kd3 Rc8
68. Kd4 Rc1 69. Kd3 Rd1 70. Ke2 Rd4 71. Ke3 Kc3 72. Ke2 Rd8 73. Kf3 Re8 74. Kf4 Kd4
75. Kf3 Re7 76. Kf4 Rf7 77. Kg3 Ke4 78. Kg2 Ke3 79. Kg3 Rg7 80. Kh4 Kf4 81. Kh3 Rg8
82. Kh4 Rh8  0-1

[Event "British Chess Championships 2023: Junior Blitz Open"]
[Site "The Venue, De Montfort University, 20 Western Boulevard, Leicester, LE2 7BU"]
[Date "2023.07.27"]
[Round "3"]
[Board "9"]
[White "Patel, Zain"]
[Black "Freeman, Luke"]
[Result "1-0"]
[WhiteElo "1919"]
[BlackElo "1639"]
[PlyCount "0"]
[EventDate "2023.07.27"]
[EventRounds "9"]
[EventCountry "ENG"]

1. d4 Nf6 2. Nf3 e6 3. c4 d5 4. Nc3 Bb4 5. Qa4+ Nc6 6. e3 O-O 7. Bd2 Bxc3 8. Bxc3
Bd7 9. Qc2 Ne4 10. Bd3 f5 11. O-O Ne7 12. Ne5 Ng6 13. Nxg6 hxg6 14. f3 Nf6 15. Rae1
Kf7 16. e4 dxe4 17. fxe4 Rh8 18. d5 Qc8 19. exf5 gxf5 20. dxe6+ Bxe6 21. Bxf5 Bxf5
22. Rxf5 Qd7 23. Ref1 Rh6 24. Qf2 Qd6 25. Be5 Qb6 26. c5 Qe6 27. Bxc7 Rah8 28. Re1
Qd7 29. Bd6 Kg6 30. Rf1 Ne4 31. Qf4 Nxd6 32. cxd6 b6 33. Qg5+ Kh7 34. Rf7 Rg6 35.
Qxg6+ Kxg6 36. Rxd7  1-0

[Event "British Chess Championships 2023: Junior Blitz Open"]
[Site "The Venue, De Montfort University, 20 Western Boulevard, Leicester, LE2 7BU"]
[Date "2023.07.27"]
[Round "3"]
[Board "10"]
[White "Wills, Jack"]
[Black "Lebedev, Lion"]
[Result "0-1"]
[WhiteElo "1655"]
[BlackElo "1865"]
[PlyCount "0"]
[EventDate "2023.07.27"]
[EventRounds "9"]
[EventCountry "ENG"]

1. d4 d5 2. Nf3 Nf6 3. h3 c5 4. c3 Nc6 5. Bf4 Qb6 6. Qc1 cxd4 7. cxd4 Nxd4 8. Nc3
Nxf3+ 9. exf3 Bd7 10. Be2 e6 11. O-O Bd6 12. Be3 Qc7 13. Qd2 O-O 14. Rac1 Qd8 15.
a3 a6 16. Rfd1 Rc8 17. Bd3 Qe7 18. Bb1 Bc6 19. Ne2 e5 20. Qe1 d4 21. Bd2 Bd5 22.
Bb4 Bxb4 23. Qxb4 Qxb4 24. axb4 Nd7 25. f4 f6 26. fxe5 fxe5 27. Ng3 g6 28. Rxc8 Rxc8
29. Re1 Kf7 30. Bd3 Bc4 31. Be4 b5 32. Bb7 Rc7 33. Bxa6 Nb8 34. Bxb5 Bxb5 35. Rxe5
Bd7 36. Rd5 Nc6 37. b5 Ne7 38. Rxd4 Bxb5 39. Ne4 Nf5 40. Rb4 Bd3 41. Nc3 Rc4 42.
Rb7+ Kg8 43. Rb8+ Kg7 44. Rb7+ Kh6 45. Rd7 Bc2 46. Rd2 Bb3 47. f3 Rc6 48. Kf2 Be6
49. g4 Ng7 50. Ne4 Ne8 51. g5+ Kg7 52. h4 Nc7 53. Kg3 Nd5 54. f4 Rc4 55. Re2 Bf5
56. Nd6 Rxf4 57. Nxf5+ Rxf5 58. Kg4 Rf4+ 59. Kg3 Rb4 60. Rd2 Ne7 61. Rd7 Kf7 62.
Rd2 Nf5+ 63. Kh3 Rxh4+ 64. Kg2 Rg4+ 65. Kf3 Rxg5 66. b4 Rg3+ 67. Kf4 Rb3 68. Rd7+
Kf6 69. Rxh7 Rxb4+ 70. Rc7  0-1

[Event "British Chess Championships 2023: Junior Blitz Open"]
[Site "The Venue, De Montfort University, 20 Western Boulevard, Leicester, LE2 7BU"]
[Date "2023.07.27"]
[Round "3"]
[Board "11"]
[White "Sedykh, Stakhey"]
[Black "Hariharan, Shambavi"]
[Result "1/2-1/2"]
[WhiteElo "1832"]
[BlackElo "1528"]
[PlyCount "0"]
[EventDate "2023.07.27"]
[EventRounds "9"]
[EventCountry "ENG"]

1. e4 c6 2. d4 d5 3. exd5 cxd5 4. c4 Nf6 5. Nc3 Nc6 6. Be3 Bf5 7. Nf3 e6 8. c5 Be7
9. Bb5 O-O 10. Qa4 Qc7 11. O-O h6 12. Bxc6 bxc6 13. Ne5 Rac8 14. b4 Nd7 15. Nxd7
Qxd7 16. b5 cxb5 17. Qxb5 Qxb5 18. Nxb5 Bd3 19. Nxa7 Rc7 20. Rfd1 Bc4 21. a4 Rxa7
22. a5 Rfa8 23. Bd2 Bd8 24. Rdb1 Bxa5 25. Bxa5 Rxa5 26. Rxa5 Rxa5 27. g3 Ra6 28.
Kg2 Kh7 29. Rb7 Kg6 30. Rc7 Bb5 31. Rb7 Bc6 32. Rc7 Kf6 33. h4 h5 34. Kf3 g6 35.
Kg2 Bb5 36. Rb7 Bc6 37. Rc7 Kg7 38. Kf3 Ra3+ 39. Kg2 Ra6 40. Kf3 Kf8 41. Rc8+ Ke7
42. Rc7+ Bd7 43. Kg2 Rc6 44. Ra7 f6 45. Kf3 e5 46. Ke3 exd4+ 47. Kxd4 Ke6 48. Ra8
Rc8 49. Ra6+ Bc6 50. Ra7 g5 51. hxg5 fxg5 52. Rh7 Rf8 53. Rh6+ Kd7 54. Rh7+ Ke6 55.
Rh6+ Rf6 56. Rxh5 Rxf2 57. Rxg5 Rf5 58. Rg6+ Rf6 59. Rg8 Kd7 60. g4 Rf4+ 61. Kd3
Rf3+ 62. Kd4 Rf4+ 63. Ke5 Re4+ 64. Kf5 Rc4 65. Rg7+  1/2-1/2

[Event "British Chess Championships 2023: Junior Blitz Open"]
[Site "The Venue, De Montfort University, 20 Western Boulevard, Leicester, LE2 7BU"]
[Date "2023.07.27"]
[Round "3"]
[Board "12"]
[White "Buckland, Louis"]
[Black "Vaidyanathan, Adithya"]
[Result "1-0"]
[WhiteElo "1651"]
[BlackElo "1810"]
[PlyCount "0"]
[EventDate "2023.07.27"]
[EventRounds "9"]
[EventCountry "ENG"]

1. d4 Nf6 2. Bg5 d6 3. Bxf6 exf6 4. Nf3 g6 5. c4 Bg7 6. Nc3 f5 7. e3 Nd7 8. Bd3 b6
9. O-O O-O 10. Qc2 Bb7 11. d5 Nc5 12. a4 a5 13. Rfe1 Re8 14. h3 Qf6 15. Nb5 Rac8
16. Rab1 Ne4 17. Nd2 Nxd2 18. Qxd2 Re7 19. b4 axb4 20. Qxb4 Ra8 21. Bc2 Qg5 22. Rb3
Rae8 23. a5 bxa5 24. Qxa5 Ra8 25. Qd2 Bc8 26. Nd4 Bd7 27. Reb1 h5 28. Rb8+ Rxb8 29.
Rxb8+ Re8 30. Rxe8+ Bxe8 31. Nf3 Qf6 32. Nd4 f4 33. Ne2 f3 34. gxf3 Qxf3 35. Ng3
h4 36. Be4 Qf6 37. Ne2 Qg5+ 38. Bg2 Bd7 39. Kh2 Qe5+ 40. f4 Qb2 41. Qxb2 Bxb2 42.
Bf1 Bc1 43. e4 Bb2 44. Kg2 f6 45. Kf3 g5 46. fxg5 fxg5 47. Ke3 Be5 48. Nd4 Kg7 49.
Nf5+ Bxf5 50. exf5 Kf6 51. Ke4 Bg3 52. Be2 Bf2 53. Bg4 Bc5 54. Bh5 Bf2 55. Bg4 Bg3
56. Kd4 Be1 57. c5 Bf2+ 58. Kc4 Bxc5 59. Kb5 Bb6 60. Kc6 Ke5 61. f6 Kxf6 62. Be6
Ke5 63. Kb5 Kf4 64. Kc4 Ke3 65. Kb5 Kd4 66. Kc6 Kc4 67. Kd7 Kb5 68. Ke7 Ba5 69. Kxd6
c5 70. Kd7 Bd2 71. Kd6 c4 72. Ke7 c3 73. Bf5 Bf4 74. d6 Bxd6+  1-0